Data Structures Using C and C++ (Record no. 13526)
[ view plain ]
| 000 -LEADER | |
|---|---|
| fixed length control field | 00316nam a2200133Ia 4500 |
| 020 ## - INTERNATIONAL STANDARD BOOK NUMBER | |
| ISBN | 9788120311770 |
| 082 ## - DEWEY DECIMAL CLASSIFICATION NUMBER | |
| Classification number | 005.73 |
| 100 ## - MAIN ENTRY--AUTHOR NAME | |
| Personal name | Yedidyah Langsam |
| 245 #0 - TITLE STATEMENT | |
| Title | Data Structures Using C and C++ |
| 250 ## - EDITION STATEMENT | |
| Edition statement | 2 |
| 260 ## - PUBLICATION, DISTRIBUTION, ETC. (IMPRINT) | |
| Place of publication | New Delhi |
| Name of publisher | Prentice Hall Of India |
| Year of publication | 2007 |
| 650 ## - SUBJECT ADDED ENTRY--TOPICAL TERM | |
| Topical Term | COMPUTER |
| 942 ## - ADDED ENTRY ELEMENTS (KOHA) | |
| Koha item type | Text Book |
| 952 ## - LOCATION AND ITEM INFORMATION (KOHA) | |
| Damaged status | |
| Not for loan | |
| 952 ## - LOCATION AND ITEM INFORMATION (KOHA) | |
| Damaged status | |
| Not for loan | |
| 952 ## - LOCATION AND ITEM INFORMATION (KOHA) | |
| Damaged status | |
| Not for loan | |
| 952 ## - LOCATION AND ITEM INFORMATION (KOHA) | |
| Damaged status | |
| Not for loan | |
| 952 ## - LOCATION AND ITEM INFORMATION (KOHA) | |
| Damaged status | |
| Not for loan | |
| 952 ## - LOCATION AND ITEM INFORMATION (KOHA) | |
| Damaged status | |
| Not for loan | |
| 952 ## - LOCATION AND ITEM INFORMATION (KOHA) | |
| Damaged status | |
| Not for loan | |
| Withdrawn status | Collection code | Permanent Location | Current Location | Shelving location | Date acquired | Source of acquisition | Cost, normal purchase price | Inventory number | Full call number | Accession Number | Copy number | Cost, replacement price | Price effective from | Koha item type |
|---|---|---|---|---|---|---|---|---|---|---|---|---|---|---|
| Computer Science and Engineering | VAST Central Library | VAST Central Library | S-21/CS | 01/05/2006 | Cosmo Books | 250.00 | 5949 | 005.73 LAN | 3831 | 1 | 500.00 | 01/05/2006 | Text Book | |
| Computer Science and Engineering | VAST Central Library | VAST Central Library | S-21/CS | 01/05/2006 | Cosmo Books | 250.00 | 5949 | 005.73 LAN | 3833 | 1 | 500.00 | 01/05/2006 | Text Book | |
| Computer Science and Engineering | VAST Central Library | VAST Central Library | S-21/CS | 01/05/2006 | Cosmo Books | 250.00 | 5949 | 005.73 LAN | 3834 | 1 | 500.00 | 01/05/2006 | Text Book | |
| Computer Science and Engineering | VAST Central Library | VAST Central Library | S-21/CS | 22/02/2023 | Higginbothams Pvt Ltd ,Ekm | 275.00 | 1211 | 005.73 LAN | 13522 | 1 | 550.00 | 22/02/2023 | Text Book | |
| Computer Science and Engineering | VAST Central Library | VAST Central Library | S-21/CS | 22/02/2023 | Higginbothams Pvt Ltd ,Ekm | 275.00 | 1211 | 005.73 LAN | 13523 | 1 | 550.00 | 22/02/2023 | Text Book | |
| Computer Science and Engineering | VAST Central Library | VAST Central Library | S-21/CS | 22/02/2023 | Higginbothams Pvt Ltd ,Ekm | 275.00 | 1211 | 005.73 LAN | 13524 | 1 | 550.00 | 22/02/2023 | Text Book | |
| Computer Science and Engineering | VAST Central Library | VAST Central Library | S-21/CS | 22/02/2023 | Higginbothams Pvt Ltd ,Ekm | 275.00 | 1211 | 005.73 LAN | 13526 | 1 | 550.00 | 22/02/2023 | Text Book |